000 00431nam a2200181Ia 4500
001 21236
005 20260306172904.0
008 260306t2003||||xx |||||||||||||| ||spa||
041 _aESP
082 _a344.4
_bC73
100 _aPerú. Ministerio de Justicia
_eAUT
245 0 _aCódigo de ejecución penal
260 _c2003
300 _a462 páginas :
_ccm.
650 _aGEN
654 _aCDE
942 _cLIB
_dJUS
_fJUS
_2ddc
_n
999 _c21236
_d21236